Flag Combinations #2 - Statistics

General Stats
  • This quiz has been taken 17 times
  • The average score is 11 of 16
Answer Stats
Picture Answer % Correct
Côte d’Ivoire and Mexico
100%
Denmark and Greece
88%
Angola and Poland
81%
Bulgaria and Uganda
81%
Dominican Republic and South Korea
81%
Fiji and Taiwan
81%
United Kingdom and Ukraine
81%
Albania and Canada
75%
Germany and Malawi
69%
Bahamas and São Tomé and Principe
63%
Belize and Laos
63%
Guinea and Mongolia
63%
India and United States of America
63%
Japan and Vatican City
63%
Jordan and Kuwait
50%
Iceland and Norway
44%
No matching quizzes found
Score Distribution
Percent of People with Each Score
Percentile by Number Answered
Your Score History
You have not taken this quiz